Energy, environment and sustainability fundamentals / (Record no. 51592)

MARC details
000 -LEADER
fixed length control field 00528nam a2200193Ia 4500
005 - DATE AND TIME OF LATEST TRANSACTION
control field 20260429111942.0
008 - FIXED-LENGTH DATA ELEMENTS--GENERAL INFORMATION
fixed length control field 260429s9999||||xx |||||||||||||| ||und||
020 ## - INTERNATIONAL STANDARD BOOK NUMBER
International Standard Book Number 9788196920036
041 ## - LANGUAGE CODE
Language English
082 ## - DEWEY DECIMAL CLASSIFICATION NUMBER
Classification number 333.79
Item number FIS
100 ## - MAIN ENTRY--PERSONAL NAME
Personal name Fisher, Hunter
245 #0 - TITLE STATEMENT
Title Energy, environment and sustainability fundamentals /
Statement of responsibility, etc Hunter Fisher
260 ## - PUBLICATION, DISTRIBUTION, ETC. (IMPRINT)
Place of publication, distribution, etc New Delhi :
Name of publisher, distributor, etc Asia Publishers,
Date of publication, distribution, etc 2024.
300 ## - PHYSICAL DESCRIPTION
Extent x, 244 p.; hb
650 ## - SUBJECT ADDED ENTRY--TOPICAL TERM
Topical term or geographic name as entry element Energy conservation
650 ## - SUBJECT ADDED ENTRY--TOPICAL TERM
Topical term or geographic name as entry element Environment
650 ## - SUBJECT ADDED ENTRY--TOPICAL TERM
Topical term or geographic name as entry element Energy
942 ## - ADDED ENTRY ELEMENTS (KOHA)
Koha item type Text Books
Holdings
Withdrawn status Lost status Damaged status Not for loan Collection code Home library Location Shelving location Date of Cataloging Source of acquisition Total Checkouts Full call number Barcode Date last seen Price effective from Koha item type
        Non-fiction CUTN Central Library CUTN Central Library Social Sciences 29/04/2026 Chennai Book Agency, Chennai - Invoice No. 24-25/0154 on 10-02-2026   333.79 FIS 56620 29/04/2026 29/04/2026 Text Books